Pluricapocannonieri della Serie B - Statistics

Statistiche generali
  • Questo quiz è stato fatto 2 volte
  • Il punteggio medio è 2 su 8
Statistiche sulle risposte
Numero volte capocannoniere Squadra Calciatore % Corretto
2 Lecce Massimo Coda
100%
2 Pescara; Cagliari Gianluca Lapadula
50%
2 SPAL; Genoa Attilio Frizzi
0%
2 Brescia; Legnano Ettore Bertoni
0%
2 Spezia Giovanni Costanzo
0%
2 Como; Novara Marco Romano
0%
2 Lucchese; Livorno Vinicio Viani
0%
2 Brescia Virginio De Paoli
0%
Nessun quiz corrispondente trovato
Distribuzione punteggi
Percentuale di utenti per punteggio
Percentile per numero di risposta
I tuoi punteggi nel tempo
Non hai fatto questo quiz